Logos de marques rouges - Statistiques

Statistiques générales
  • Ce quiz a été pris 86 fois
    65 depuis la dernière actualisation
  • Le résultat moyen est 13 sur 16
Statistiques - réponses
Par images Réponse % Correct
Coca-Cola
100%
Youtube
98%
KFC
97%
Lego
97%
Netflix
97%
Pinterest
93%
Tesla
93%
Levis
91%
Caisse d'épargne
78%
Adobe
76%
Kappa
76%
Air France
60%
Stade Brestois
59%
Opera
57%
Emirates
55%
Monoprix
45%
Aucun quiz correspondant
Distribution des résultats
% des personnes avec chaque résultat
Percentile par nombre de réponses
Votre historique - résultats
Vous n’avez pas pris ce quiz depuis la dernière actualisation